00582 2200169 4500245005300000020002200053250001100075100002300086700002500109650004900134005001900183260007600202041001400278084001000292300010100302336000900403 aKecil-Kecil Abdi DalemcFitriana SoepraptohText a978-623-118-641-6 aCet. 1 aFitriani Soeprapto aPramitha Fitriandini aKebudayaan ; Budaya Jawa ; Budaya Yogyakarta a20250317084028 aJakartabKementerian Pendidikan, Kebudayaan, Riset, dan Teknologic2023 aIndonesia a306.4 aIBM Plex Sans 11/16 pt, Mike Abbink, Bold Monday, Open Font License vi, 74 hlm., 14.8 x 21 cm. : atext